• 首页
  • 本馆介绍
  • 公告通知
  • 最新文献
  • 馆藏检索
  • 电子资源
  • 读者导购
  • 参考咨询
  • 我的图书馆
  • 登录
  • 详细信息显示
  • 放入我的书架
  • 预约/预借图书
  • 作者相关作品
  • 分类相关作品
  • 丛书相关作品
  • 出版社相关作品

书目信息

  • 表格格式
  • 工作单格式
  • 卡片格式
题名:
数学试题6000例
    
 
作者: 斯卡纳维 主编 ;冯庆山 译
分册:  
出版信息: 哈尔滨   黑龙江科学技术出版社  1983
页数: 720页
开本: 19cm
丛书名:
单 册:
中图分类: O12-44
科图分类:
主题词: 初等数学 , 数学--试题
电子资源:
ISBN:
000 00733nam0 2200253 45
001 0183011851
005 20060813085447.65
010    @dCNY2.35
091    @a13217.041
100    @a19950706d1983 em y0chiy0121 ea
101 1  @achi@crus
102    @aCN@b230000
105    @ay q 000yy
200 10 @a数学试题6000例@Ashu xue shi ti6000 li@f(苏)М·И·斯卡纳维主编@F(su)М·И·si ka na wei zhu bian@g冯庆山译
210    @a哈尔滨@c黑龙江科学技术出版社@d1983
215    @a720页@d19cm
606 0  @a初等数学
606    @a数学@x试题
690    @aO12-44
701  1 @a斯卡纳维@Asi ka na wei@4主编
702  0 @a冯庆山@Afeng qing shan@4译
801  0 @aCN@b上海图书馆@c20060813
801  2 @aCN@bNLC@c20060811
905    @dO12-44@e12
    
    数学试题6000例/(苏)М·И·斯卡纳维主编/冯庆山译.-哈尔滨:黑龙江科学技术出版社,1983
    720页;19cm
    
    
    ISBN :CNY2.35
    
●
相关链接 在E读中查询图书 在五车中查询图书 在当当中查询图书 在豆瓣中查询图书


正题名:数学试题6000例     索取号:O12-44/12         预约/预借

序号 登录号 条形码 馆藏地/架位号 状态 备注
1 0097154   001242612   第三借阅区/ [索取号:O12-44/12] 在馆    
2 0097155   001233169   密集书库/ [索取号:O12-44/12] 在馆    
3 0097156   001233187   密集书库/ [索取号:O12-44/12] 在馆    
4 0097157   001954282   密集书库/ [索取号:O12-44/12] 在馆    
5 0097158   202345122   密集书库/ [索取号:O12-44/12] 在馆    
6 0097159   001233150   第三借阅区/ [索取号:O12-44/12] 在馆    
7 0097160   202308582   密集书库/ [索取号:O12-44/12] 在馆    
8 0097161   202192527   密集书库/ [索取号:O12-44/12] 在馆    
9 0097162   001233141   密集书库/ [索取号:O12-44/12] 在馆    
10 0097163   202333643   密集书库/ [索取号:O12-44/12] 在馆    
11 0097164   202345131   密集书库/ [索取号:O12-44/12] 在馆    
12 0097165   202192769   密集书库/ [索取号:O12-44/12] 在馆    
13 0097166   202308591   密集书库/ [索取号:O12-44/12] 在馆    
14 0097167   202345097   密集书库/ [索取号:O12-44/12] 在馆    
15 0097168   001233132   第二样本阅览室/ [索取号:O12-44/12] 在馆    
16 0442361   204423613   密集书库/ [索取号:O12-44/12] 在馆    
17 0454231   204542316   密集书库/ [索取号:O12-44/12] 在馆    
18 0455031   204550315   密集书库/ [索取号:O12-44/12] 在馆    
19 0455032   204550324   密集书库/ [索取号:O12-44/12] 在馆    
20 0455033   204550333   密集书库/ [索取号:O12-44/12] 在馆    
唐山师范学院图书馆 欢迎您!
大连网信软件有限公司© 版权所有